[Event "4NCL Online Division 4"]
[Site "online"]
[Date "2022.03.08"]
[EventDate "2022.03.08"]
[Round "4.104"]
[White "Kerrane, John"]
[WhiteElo "1632"]
[WhiteTeam "Hebden Bridge 2"]
[Black "Southall, Christopher M"]
[BlackElo "1495"]
[BlackTeam "Jurassic Coast"]
[Result "1/2-1/2"]
[PlyCount "98"]

1. d4 d6 2. c4 f5 3. Nf3 Nf6 4. g3 e6 5. Bg2 Be7 6. O-O O-O 7. Nc3 Nbd7 8. b3 Ne4 9. Bb2 Nxc3 10. Bxc3 Bf6 11. e3 Qe8 12. Qc2 Qh5 13. e4 fxe4 14. Qxe4 e5 15. dxe5 Nxe5 16. Nxe5 Bxe5 17. Bxe5 Qxe5 18. Qxe5 dxe5 19. Rfe1 c6 20. Rxe5 Bf5 21. Re7 Rf7 22. Rae1 a5 23. c5 Kf8 24. Rxf7+ Kxf7 25. Be4 Bxe4 26. Rxe4 Rd8 27. Ra4 Ra8 28. b4 Ke6 29. f4 Ra6 30. g4 axb4 31. Rxb4 Rxa2 32. Rc4 Kd5 33. Rc1 Ra4 34. h3 Rxf4 35. Kg2 Rc4 36. Rd1+ Ke6 37. Re1+ Kf6 38. Rf1+ Kg6 39. Rf5 Rd4 40. Kg3 Rd5 41. Kf4 Rxf5+ 42. gxf5+ Kf6 43. h4 h5 44. Ke4 Kf7 45. Ke5 Ke7 46. Kf4 Kf6 47. Ke4 Kf7 48. Ke5 Ke7 49. Kf4 Kf6 1/2-1/2

[Event "4NCL Online Division 4"]
[Site "online"]
[Date "2022.03.08"]
[EventDate "2022.03.08"]
[Round "4.111"]
[White "Blanden, Edward"]
[WhiteElo "1648"]
[WhiteTeam "Wessex Some Stars F"]
[Black "Hill, Michael"]
[BlackElo "1701"]
[BlackTeam "Calstock Killers"]
[Result "1-0"]
[PlyCount "59"]

1. c4 Nf6 2. g3 c6 3. Nf3 d5 4. Bg2 dxc4 5. O-O Nbd7 6. a4 g6 7. Na3 Bg7 8. Nxc4 O-O 9. d4 Nb6 10. Nce5 Nfd7 11. Bf4 Nd5 12. Nxd7 Bxd7 13. Bg5 h6 14. Bd2 e6 15. e4 Nb6 16. Qc1 Kh7 17. a5 Nc8 18. Bb4 Rh8 19. a6 Rb8 20. Qf4 e5 21. Nxe5 Be6 22. Nxf7 Bxf7 23. Qxb8 Qxd4 24. Bc3 Qc5 25. Bxg7 Kxg7 26. axb7 Be6 27. bxc8=Q Rxc8 28. Rxa7+ Kf8 29. Qb7 Ke8 30. Qg7 1-0

[Event "4NCL Online Division 4"]
[Site "online"]
[Date "2022.03.08"]
[EventDate "2022.03.08"]
[Round "4.112"]
[White "Kirkman, Nigel J"]
[WhiteElo "1692"]
[WhiteTeam "Calstock Killers"]
[Black "Hillman, Graham"]
[BlackElo "1630"]
[BlackTeam "Wessex Some Stars F"]
[Result "1-0"]
[PlyCount "79"]

1. d4 Nf6 2. Nc3 c5 3. Nf3 cxd4 4. Nxd4 Nc6 5. e4 a6 6. f4 d6 7. Nxc6 bxc6 8. e5 Bg4 9. Be2 Bxe2 10. Qxe2 dxe5 11. fxe5 Nd5 12. O-O Qb6+ 13. Kh1 e6 14. Qf3 Qc7 15. Ne4 Rd8 16. a3 h6 17. c4 Nb6 18. c5 Nd5 19. Nd6+ Bxd6 20. exd6 Qd7 21. b4 Rf8 22. Bb2 f6 23. Rae1 Qf7 24. Qe4 Kd7 25. Qc4 Ra8 26. a4 Rfb8 27. Ba3 Rb7 28. Rf3 Qg6 29. Rb3 e5 30. Rg3 Qf7 31. Rb1 g5 32. b5 axb5 33. axb5 Kc8 34. Rgb3 cxb5 35. c6 bxc4 36. cxb7+ Kb8 37. bxa8=Q+ Kxa8 38. Rb8+ Ka7 39. Bc5+ Nb6 40. R8xb6 1-0

[Event "4NCL Online Division 4"]
[Site "online"]
[Date "2022.03.08"]
[EventDate "2022.03.08"]
[Round "4.113"]
[White "Bucchi, Andrea"]
[WhiteElo "1582"]
[WhiteTeam "Wessex Some Stars F"]
[Black "Henderson, Jason"]
[BlackElo "1688"]
[BlackTeam "Calstock Killers"]
[Result "0-1"]
[PlyCount "60"]

1. e4 e6 2. d4 d5 3. exd5 exd5 4. Nf3 Bd6 5. Bd3 Nc6 6. c3 Bg4 7. O-O Qd7 8. Re1+ Nge7 9. Be2 O-O-O 10. b4 h5 11. Qa4 h4 12. b5 Nb8 13. Qxa7 h3 14. g3 Qf5 15. Nbd2 Rde8 16. a4 Ng6 17. a5 Rxe2 18. a6 Rxe1+ 19. Nxe1 Re8 20. Qxb7+ Kd7 21. Bb2 Rxe1+ 22. Rxe1 Qd3 23. Qxb8 Ne7 24. a7 Qxd2 25. Rf1 Qe2 26. a8=Q Qf3 27. Qe8+ Ke6 28. Re1+ Kf6 29. Qxf7+ Kxf7 30. Rxe7+ Kxe7 0-1

[Event "4NCL Online Division 4"]
[Site "online"]
[Date "2022.03.08"]
[EventDate "2022.03.08"]
[Round "4.114"]
[White "Young, Andy"]
[WhiteElo "1504"]
[WhiteTeam "Calstock Killers"]
[Black "Blythe, Douglas"]
[BlackElo "1595"]
[BlackTeam "Wessex Some Stars F"]
[Result "1-0"]
[PlyCount "41"]

1. e4 b6 2. f4 Bb7 3. Nc3 e6 4. Nf3 Bb4 5. Bd3 Nf6 6. Qe2 O-O 7. O-O a5 8. e5 Nd5 9. Nxd5 Bxd5 10. c3 Bc5+ 11. Kh1 Nc6 12. b3 Ne7 13. Bxh7+ Kxh7 14. Ng5+ Kg8 15. Qh5 Re8 16. d4 Ng6 17. f5 exf5 18. Qh7+ Kf8 19. Rxf5 Ke7 20. Nxf7 Bxf7 21. Bg5+ 1-0

[Event "4NCL Online Division 4"]
[Site "online"]
[Date "2022.03.08"]
[EventDate "2022.03.08"]
[Round "4.121"]
[White "Richards, Maurice A"]
[WhiteElo "1497"]
[WhiteTeam "Bude Beach Surfers"]
[Black "Glover, John"]
[BlackElo "1631"]
[BlackTeam "War & Piece Nimrod"]
[Result "1/2-1/2"]
[PlyCount "119"]

1. Nf3 Nf6 2. c4 c5 3. g3 g6 4. Bg2 Bg7 5. O-O d5 6. cxd5 Qxd5 7. Nc3 Qd8 8. d3 O-O 9. Be3 Nbd7 10. Na4 b6 11. Ne5 Nxe5 12. Bxa8 Bh3 13. Bg2 Bxg2 14. Kxg2 Nd5 15. Bd2 Qa8 16. Kg1 Rd8 17. Nc3 Nb4 18. a3 Nbc6 19. Qb1 Nd4 20. b4 c4 21. dxc4 Nxc4 22. Be1 Nf5 23. Ra2 Rc8 24. Qd3 Nfd6 25. Qd5 Kf8 26. Qxa8 Rxa8 27. Nd5 Rc8 28. Ne3 Nb2 29. Kg2 Na4 30. Rc2 Bb2 31. Rxc8+ Nxc8 32. Nc2 Nd6 33. Bd2 Nc4 34. Bc1 Be5 35. Rd1 Ke8 36. Rd3 Nc3 37. Kf3 Bf6 38. Kg2 Nxe2 39. Be3 Nxe3+ 40. Rxe3 Nc3 41. Kf1 e6 42. Ke1 Nd5 43. Rd3 Ke7 44. Ke2 h5 45. Nd4 a6 46. Nc6+ Kd6 47. Nd4 h4 48. Kf3 hxg3 49. hxg3 Bxd4 50. Rxd4 Kc6 51. Ke2 Kb5 52. Rd3 a5 53. bxa5 bxa5 54. Kf3 Kc4 55. Rd1 Kb3 56. Rd3+ Kc2 57. Rd4 Kb3 58. Rd3+ Kc2 59. Rd4 Kb3 60. Rd3+ 1/2-1/2

[Event "4NCL Online Division 4"]
[Site "online"]
[Date "2022.03.08"]
[EventDate "2022.03.08"]
[Round "4.122"]
[White "Morrison, Munroe L"]
[WhiteElo "1633"]
[WhiteTeam "War & Piece Nimrod"]
[Black "Nunn, Michael"]
[BlackElo "1451"]
[BlackTeam "Bude Beach Surfers"]
[Result "1-0"]
[PlyCount "59"]

1. e4 c5 2. Nf3 e6 3. d3 Nc6 4. c3 d5 5. Nbd2 Nf6 6. g3 d4 7. Qe2 e5 8. Bg2 Bd6 9. a3 Be6 10. O-O O-O 11. Nc4 Bc7 12. Ncd2 a5 13. a4 Qe7 14. Nb1 Rfd8 15. Na3 Rd7 16. Nb5 Bb6 17. Nh4 g6 18. f4 Rad8 19. Rd1 Bg4 20. Nf3 dxc3 21. bxc3 exf4 22. Bxf4 c4+ 23. d4 Qxe4 24. Qf1 Qf5 25. Qxc4 Nd5 26. Nh4 Qf6 27. Rf1 Qe7 28. Rae1 Qf8 29. Bg5 Re8 30. Bxd5 1-0

[Event "4NCL Online Division 4"]
[Site "online"]
[Date "2022.03.08"]
[EventDate "2022.03.08"]
[Round "4.123"]
[White "Russell, Lloyd"]
[WhiteElo "1323"]
[WhiteTeam "Bude Beach Surfers"]
[Black "Chwieseni, Edward I"]
[BlackElo "1624"]
[BlackTeam "War & Piece Nimrod"]
[Result "0-1"]
[PlyCount "148"]

1. d4 d5 2. Nf3 Nf6 3. Bg5 g6 4. e3 Bg7 5. Nbd2 O-O 6. c4 c6 7. Bd3 Bg4 8. h3 Be6 9. O-O Nbd7 10. Re1 dxc4 11. Nxc4 Bd5 12. Nce5 Ne4 13. Bh4 f6 14. Nc4 b5 15. Ncd2 Nxd2 16. Nxd2 e5 17. dxe5 Nxe5 18. Be2 Qb6 19. b3 g5 20. Bg3 Ng6 21. Rc1 f5 22. Bd6 Rfd8 23. Bc5 Qc7 24. Qc2 Qe5 25. Bd4 Qd6 26. Bxg7 Kxg7 27. Qxf5 h6 28. Nf3 Rf8 29. Qc2 Rac8 30. Red1 Qf6 31. e4 Bf7 32. Rd7 Kg8 33. Rxa7 Nf4 34. e5 Nxe2+ 35. Qxe2 Qf4 36. Rd1 Be6 37. Rd6 Qc1+ 38. Ne1 Rce8 39. Qe4 Bf5 40. Qe2 Qc5 41. Rad7 Bxd7 42. Rxd7 Qxe5 43. Qxe5 Rxe5 44. Nf3 Re2 45. Rd6 h5 46. Rxc6 Rxa2 47. Nxg5 Rfxf2 48. Rg6+ Kf8 49. Ne4 Rfb2 50. Rg5 Ke7 51. Kh2 h4 52. Nc5 Kd6 53. Nb7+ Kc6 54. Nd8+ Kb6 55. Ne6 Rxb3 56. Nf4 Rbb2 57. Ng6 b4 58. Nxh4 b3 59. Nf3 Rf2 60. h4 b2 61. h5 b1=Q 62. h6 Qh7 63. Kh3 Qxh6+ 64. Kg4 Rxg2+ 65. Kf5 Ra5+ 66. Kf4 Rgxg5 67. Nxg5 Qxg5+ 68. Kf3 Ra3+ 69. Ke4 Ra4+ 70. Kd3 Qg3+ 71. Kc2 Ra2+ 72. Kb1 Qb3+ 73. Kc1 Qb2+ 74. Kd1 Ra1# 0-1

[Event "4NCL Online Division 4"]
[Site "online"]
[Date "2022.03.08"]
[EventDate "2022.03.08"]
[Round "4.124"]
[White "Dray-Pearce, Tristan"]
[WhiteElo "1578"]
[WhiteTeam "War & Piece Nimrod"]
[Black "Ongley, Kieran M"]
[BlackElo "846"]
[BlackTeam "Bude Beach Surfers"]
[Result "1-0"]
[PlyCount "71"]

1. d4 d5 2. Bf4 Nf6 3. e3 Bg4 4. Nf3 g6 5. c4 e6 6. Nc3 Nc6 7. Be2 a5 8. h3 Bf5 9. a3 Bg7 10. Nb5 O-O 11. Nxc7 Ra7 12. Nb5 Ra8 13. c5 b6 14. Bc7 Qe7 15. Bd6 Qd7 16. Bxf8 Rxf8 17. O-O Na7 18. Ne5 Qe7 19. cxb6 Nc8 20. Qa4 Nxb6 21. Qxa5 Nc8 22. Rac1 Ne4 23. Rc7 Qd8 24. Rfc1 Bf6 25. Qa8 Bxe5 26. dxe5 Qh4 27. Rf1 Nd2 28. Rxc8 Rxc8 29. Qxc8+ Kg7 30. Nd6 Be4 31. Ne8+ Kh6 32. Nf6 Nxf1 33. Qf8+ Kg5 34. f4+ Kf5 35. g4+ Qxg4+ 36. hxg4# 1-0

[Event "4NCL Online Division 4"]
[Site "online"]
[Date "2022.03.08"]
[EventDate "2022.03.08"]
[Round "4.132"]
[White "Blair, Jimmy"]
[WhiteElo "1391"]
[WhiteTeam "War & Piece Banner"]
[Black "Wood, Paul E"]
[BlackElo "1579"]
[BlackTeam "Plymouth 2"]
[Result "0-1"]
[PlyCount "128"]

1. e4 c6 2. Nf3 d5 3. exd5 cxd5 4. d4 Nf6 5. Nc3 Nc6 6. Bb5 Bd7 7. Be3 a6 8. Bxc6 bxc6 9. Ne5 e6 10. Qd2 Be7 11. h3 O-O 12. g4 Qc7 13. f4 Bb4 14. a3 Ba5 15. b4 Bb6 16. Qe2 a5 17. O-O a4 18. g5 Ne8 19. h4 Nd6 20. Nxd7 Qxd7 21. Qg4 Nf5 22. Bf2 Bxd4 23. Bxd4 Nxd4 24. Rf2 Nf5 25. Re1 Qa7 26. Nd1 Nd6 27. Kg2 c5 28. bxc5 Qxc5 29. h5 Ne4 30. Rfe2 Qxa3 31. g6 Qe7 32. gxh7+ Kxh7 33. f5 a3 34. h6 Qg5 35. Qxg5 Nxg5 36. hxg7 Kxg7 37. Ne3 a2 38. Ra1 Ra5 39. Rf2 Ne4 40. Rff1 e5 41. f6+ Nxf6 42. Nf5+ Kg6 43. Ne7+ Kg7 44. Rf5 Nd7 45. Rg5+ Kf6 46. Rf5+ Kxe7 47. Kf3 f6 48. Rh5 Nc5 49. Rh7+ Rf7 50. Rh8 Ne6 51. Rb8 Nd4+ 52. Kg4 Nxc2 53. Kf5 Nxa1 54. Rb7+ Kf8 55. Rb8+ Kg7 56. Ke6 Nc2 57. Rb3 a1=Q 58. Rg3+ Kf8 59. Rb3 Ra6+ 60. Kf5 Qf1+ 61. Kg4 Rg7+ 62. Kh4 Ra4+ 63. Kh5 Qh1+ 64. Rh3 Qxh3# 0-1

[Event "4NCL Online Division 4"]
[Site "online"]
[Date "2022.03.08"]
[EventDate "2022.03.08"]
[Round "4.133"]
[White "Tatam, Anthony"]
[WhiteElo "1572"]
[WhiteTeam "Plymouth 2"]
[Black "O'Neill, Stephen G"]
[BlackElo "1352"]
[BlackTeam "War & Piece Banner"]
[Result "1-0"]
[PlyCount "65"]

1. d4 d5 2. e3 g6 3. Nf3 Bg7 4. c4 e6 5. Bd3 c5 6. cxd5 exd5 7. dxc5 Qa5+ 8. Nc3 Qxc5 9. O-O Bxc3 10. bxc3 Qxc3 11. Rb1 Qc7 12. Bb2 f6 13. Bb5+ Bd7 14. Qxd5 Bxb5 15. Qxb5+ Qc6 16. Qb3 Nd7 17. Nd4 Qb6 18. Qc2 Qc5 19. Qd2 Ne7 20. Rfd1 Ne5 21. Rbc1 Qd5 22. Qe2 Qxa2 23. Qb5+ Kf7 24. Rc7 Rhd8 25. Qxb7 Rd7 26. Rxd7 Nxd7 27. Qxa8 Qxb2 28. Qxa7 Ne5 29. h3 f5 30. Qa6 Ke8 31. Qe6 Nd7 32. Nc6 Qf6 33. Qxd7+ 1-0

[Event "4NCL Online Division 4"]
[Site "online"]
[Date "2022.03.08"]
[EventDate "2022.03.08"]
[Round "4.134"]
[White "Bailey, Duncan"]
[WhiteElo "1389"]
[WhiteTeam "War & Piece Banner"]
[Black "Tekniepe, T Klaus"]
[BlackElo "1145"]
[BlackTeam "Plymouth 2"]
[Result "1-0"]
[PlyCount "37"]

1. c4 e6 2. Nc3 Nf6 3. e4 Bb4 4. e5 Bxc3 5. dxc3 Ne4 6. Qg4 Nxf2 7. Qxg7 Rf8 8. Kxf2 Nc6 9. Bg5 Ne7 10. Nf3 d6 11. Bd3 dxe5 12. Nxe5 Qd6 13. Bxh7 Qc5+ 14. Be3 Qd6 15. Rhd1 Nf5 16. Bxf5 Qe7 17. b4 Qh4+ 18. Kg1 f6 19. Ng6 1-0

[Event "4NCL Online Division 4"]
[Site "online"]
[Date "2022.03.08"]
[EventDate "2022.03.08"]
[Round "4.141"]
[White "Hameed, Asif"]
[WhiteElo "1730"]
[WhiteTeam "Oxford 4"]
[Black "Pereira, Nolan"]
[BlackElo "1900"]
[BlackTeam "Colchester JFF A"]
[Result "1-0"]
[PlyCount "53"]

1. e4 e5 2. f4 exf4 3. Nf3 d5 4. e5 Nc6 5. d4 Bb4+ 6. c3 Ba5 7. b4 Bb6 8. a4 a5 9. b5 Nce7 10. Bxf4 Ng6 11. Bg3 N8e7 12. Bd3 Nf5 13. Bf2 Nf4 14. Bf1 O-O 15. h4 Qe7 16. g3 Ne6 17. Bd3 Nh6 18. Nbd2 Ng4 19. Bg1 c5 20. Bxh7+ Kxh7 21. Ng5+ Nxg5 22. hxg5+ Kg8 23. Be3 Nxe3 24. Qh5 Nc2+ 25. Kf2 f6 26. g6 fxe5+ 27. Kg1 1-0

[Event "4NCL Online Division 4"]
[Site "online"]
[Date "2022.03.08"]
[EventDate "2022.03.08"]
[Round "4.142"]
[White "Rida, Ruqayyah"]
[WhiteElo "1655"]
[WhiteTeam "Colchester JFF A"]
[Black "Hertog, Alexander"]
[BlackElo "1646"]
[BlackTeam "Oxford 4"]
[Result "1-0"]
[PlyCount "52"]

1. e4 c6 2. d4 d5 3. Nc3 dxe4 4. Nxe4 Nd7 5. Nf3 Ngf6 6. Nxf6+ Nxf6 7. Be2 Bf5 8. Bf4 e6 9. O-O Bd6 10. Bxd6 Qxd6 11. c3 O-O 12. Re1 Rfd8 13. Bc4 c5 14. Qe2 cxd4 15. Nxd4 Bg4 16. f3 Bh5 17. Rad1 Qc5 18. Bb3 Bg6 19. Kh1 Nd5 20. Qe5 Qe7 21. Bxd5 Rac8 22. Nxe6 fxe6 23. Bxe6+ Kh8 24. Bxc8 Qf8 25. Rxd8 Qxd8 26. Bf5 Bxf5 1-0

[Event "4NCL Online Division 4"]
[Site "online"]
[Date "2022.03.08"]
[EventDate "2022.03.08"]
[Round "4.143"]
[White "Henbest, Kevin B"]
[WhiteElo "1572"]
[WhiteTeam "Oxford 4"]
[Black "Catabay, Mae Katelyn Rose"]
[BlackElo "1586"]
[BlackTeam "Colchester JFF A"]
[Result "1-0"]
[PlyCount "81"]

1. Nf3 d5 2. g3 c5 3. Bg2 Nc6 4. d3 Nf6 5. Nbd2 e5 6. O-O Be7 7. e4 d4 8. Re1 O-O 9. Nf1 Be6 10. h3 Qd7 11. Ng5 h6 12. Nxe6 Qxe6 13. g4 Nh7 14. Ng3 Ng5 15. Nf5 Bf6 16. h4 Nh7 17. Qf3 Ne7 18. Bh3 Nxf5 19. gxf5 Qe7 20. Qg4 Bxh4 21. Bxh6 Qf6 22. Bd2 Ng5 23. Bg2 Nh7 24. Rf1 Bg5 25. f4 exf4 26. Bxf4 Rfe8 27. Rae1 Bxf4 28. Qxf4 Ng5 29. e5 Qh6 30. f6 Rab8 31. Qg3 Ne6 32. Re4 Rf8 33. Rf2 Qc1+ 34. Bf1 g6 35. Rh2 g5 36. Qf3 Nf4 37. Qg4 Ng6 38. Qh5 Rfd8 39. Qh7+ Kf8 40. Qg7+ Ke8 41. e6 1-0

[Event "4NCL Online Division 4"]
[Site "online"]
[Date "2022.03.08"]
[EventDate "2022.03.08"]
[Round "4.144"]
[White "Kanellopoulos, Nikolas"]
[WhiteElo "1478"]
[WhiteTeam "Colchester JFF A"]
[Black "King, Simon E"]
[BlackElo "1669"]
[BlackTeam "Oxford 4"]
[Result "1/2-1/2"]
[PlyCount "124"]

1. e4 e5 2. Nf3 Nc6 3. Bc4 Be7 4. d4 d6 5. O-O Nf6 6. Nc3 O-O 7. h3 a6 8. a3 h6 9. Be3 b5 10. Ba2 Bb7 11. Qd2 exd4 12. Nxd4 Nxd4 13. Qxd4 c5 14. Qd3 Qc7 15. Nd5 Nxd5 16. Bxd5 Bxd5 17. Qxd5 Rad8 18. Qf5 Bf6 19. Qg4 Qd7 20. Qg3 Kh7 21. c3 g5 22. Rad1 Be5 23. Qf3 Qe6 24. Qf5+ Qg6 25. Qxg6+ Kxg6 26. Rd5 Bf4 27. Rfd1 Bxe3 28. Rxd6+ Rxd6 29. Rxd6+ Kg7 30. fxe3 Ra8 31. Rb6 Re8 32. Rxa6 Rxe4 33. Ra5 b4 34. Rxc5 bxa3 35. bxa3 Ra4 36. Kf2 Rxa3 37. c4 Rc3 38. Rc7 Kg6 39. c5 f5 40. c6 Kh5 41. Rc8 f4 42. exf4 gxf4 43. c7 Kh4 44. Rf8 Rxc7 45. Rxf4+ Kg5 46. Kg3 h5 47. h4+ Kg6 48. Kh3 Rc3+ 49. Rf3 Rc4 50. Rg3+ Kh6 51. Rg5 Rc3+ 52. Rg3 Rc5 53. Rd3 Rc6 54. g4 hxg4+ 55. Kxg4 Rg6+ 56. Kf5 Rg8 57. Rd7 Rg7 58. Rd8 Kh7 59. h5 Rg8 60. Rd7+ Rg7 61. Rd6 Rg8 62. h6 Rg1 1/2-1/2

[Event "4NCL Online Division 4"]
[Site "online"]
[Date "2022.03.08"]
[EventDate "2022.03.08"]
[Round "4.151"]
[White "Kumar, Soham"]
[WhiteElo "1891"]
[WhiteTeam "Farnham B"]
[Black "Flood, Raymond"]
[BlackElo "1623"]
[BlackTeam "Dundee City D"]
[Result "1-0"]
[PlyCount "85"]

1. e4 e6 2. d4 d5 3. Nc3 Nf6 4. e5 Nfd7 5. f4 c5 6. Nf3 Nc6 7. Be3 Qb6 8. Na4 Qa5+ 9. c3 cxd4 10. b4 Nxb4 11. cxb4 Bxb4+ 12. Bd2 Bxd2+ 13. Nxd2 b6 14. Bd3 Ba6 15. Bxa6 Qxa6 16. Nf3 Qa5+ 17. Kf2 d3 18. Nb2 Nc5 19. Nxd3 Ne4+ 20. Ke3 O-O 21. Qb3 Rac8 22. Rhc1 Nc3 23. Qb4 d4+ 24. Kd2 Qa6 25. Nxd4 Rc4 26. Rxc3 Rxb4 27. Nxb4 Qb7 28. Nbc6 f6 29. Re1 fxe5 30. Rxe5 Qd7 31. Ke3 Rf6 32. f5 exf5 33. Ne7+ Kf7 34. Nexf5 Rxf5 35. Rxf5+ Kg8 36. Re5 h6 37. g3 Qf7 38. Rc8+ Kh7 39. Ne6 b5 40. Rc7 Qf6 41. Rxg7+ Kh8 42. Ke4 Qf2 43. Rc7 1-0

[Event "4NCL Online Division 4"]
[Site "online"]
[Date "2022.03.08"]
[EventDate "2022.03.08"]
[Round "4.152"]
[White "Barron-Majerik, Jan"]
[WhiteElo "1573"]
[WhiteTeam "Dundee City D"]
[Black "Cooper, Malcolm H"]
[BlackElo "1771"]
[BlackTeam "Farnham B"]
[Result "1-0"]
[PlyCount "118"]

1. d4 d5 2. Bf4 c5 3. c3 Nc6 4. Nf3 Nf6 5. Nbd2 cxd4 6. cxd4 e6 7. e3 Bd6 8. Bxd6 Qxd6 9. a3 O-O 10. Bd3 e5 11. dxe5 Nxe5 12. Qe2 Bg4 13. O-O Rfe8 14. h3 Nxf3+ 15. Nxf3 Bh5 16. Rad1 Rad8 17. Rd2 Qb6 18. g4 Bg6 19. Bxg6 hxg6 20. Rfd1 a6 21. g5 Nh5 22. Rxd5 Rxd5 23. Rxd5 Nf4 24. Qd2 Nxd5 25. Qxd5 Qxb2 26. Nd4 Qb1+ 27. Kh2 Qe4 28. Qd7 Qe5+ 29. Kh1 Qe4+ 30. Kh2 Qe7 31. Qg4 Qxa3 32. h4 Qd6+ 33. Kg1 b5 34. h5 gxh5 35. Qxh5 Qg6 36. Qg4 Qb1+ 37. Kh2 Qe4 38. Qd7 Qh4+ 39. Kg2 Qxg5+ 40. Kf1 Qe7 41. Qc6 Rb8 42. Qxa6 Qd7 43. Nc6 Rb7 44. Nd4 Ra7 45. Qxb5 Ra1+ 46. Ke2 Qg4+ 47. Kd3 Rd1+ 48. Kc2 Rf1 49. Qxf1 Qe4+ 50. Kd2 Qb7 51. Qc4 Qb2+ 52. Qc2 Qb4+ 53. Qc3 Qd6 54. Qc6 Qb4+ 55. Ke2 Qb2+ 56. Kf3 Qb8 57. e4 Qe5 58. Qc8+ Kh7 59. Qf5+ Qxf5+ 1-0

[Event "4NCL Online Division 4"]
[Site "online"]
[Date "2022.03.08"]
[EventDate "2022.03.08"]
[Round "4.153"]
[White "Amos, Alice"]
[WhiteElo "1432"]
[WhiteTeam "Farnham B"]
[Black "Hackney, Leyton"]
[BlackElo "1597"]
[BlackTeam "Dundee City D"]
[Result "0-1"]
[PlyCount "74"]

1. d4 Nf6 2. c4 c5 3. d5 b5 4. cxb5 a6 5. Nc3 axb5 6. Nxb5 Qa5+ 7. Nc3 g6 8. Bg5 Bg7 9. e4 Nxe4 10. Bd2 Nxd2 11. Qxd2 O-O 12. Nge2 d6 13. g3 Ba6 14. a3 Nd7 15. Rd1 Ne5 16. Bg2 Nd3+ 17. Kf1 Rfb8 18. Rb1 Bxc3 19. Qxc3 Qxc3 20. Nxc3 Nxb2+ 21. Kg1 Bd3 22. Ra1 Rb3 23. Nd1 Rbxa3 24. Rxa3 Rxa3 25. Ne3 c4 26. Bf1 Be4 27. Bg2 Ra1+ 28. Nf1 Bd3 29. Bh3 c3 30. Kg2 Bxf1+ 31. Rxf1 Rxf1 32. Kxf1 c2 33. Ke2 c1=Q 34. Kf3 Nd3 35. Bg2 Ne1+ 36. Kg4 f5+ 37. Kh3 Qh6# 0-1

[Event "4NCL Online Division 4"]
[Site "online"]
[Date "2022.03.08"]
[EventDate "2022.03.08"]
[Round "4.154"]
[White "Anderson, James"]
[WhiteElo "1630"]
[WhiteTeam "Dundee City D"]
[Black "Warren, Archie"]
[BlackElo "1359"]
[BlackTeam "Farnham B"]
[Result "1-0"]
[PlyCount "33"]

1. d4 g6 2. Bg5 Bg7 3. e3 d6 4. Bd3 Nd7 5. Nd2 Ngf6 6. c3 O-O 7. Ne2 c5 8. O-O h6 9. Bh4 b6 10. h3 Bb7 11. Bxf6 Nxf6 12. Qc2 Kh7 13. Nf4 Rc8 14. Bxg6+ fxg6 15. Qxg6+ Kh8 16. Ne6 Qe8 17. Qxg7# 1-0

[Event "4NCL Online Division 4"]
[Site "online"]
[Date "2022.03.08"]
[EventDate "2022.03.08"]
[Round "4.161"]
[White "Roome, Gregory"]
[WhiteElo "1637"]
[WhiteTeam "Wells Globetrotters 2"]
[Black "Tillett, Matthew"]
[BlackElo "1875"]
[BlackTeam "Streatham B"]
[Result "0-1"]
[PlyCount "73"]

1. d4 d6 2. c4 e5 3. e3 Nf6 4. Nc3 Nbd7 5. Bd3 g6 6. Nge2 Bg7 7. O-O O-O 8. b3 Re8 9. Bb2 Nf8 10. Qc2 Qe7 11. Ng3 h5 12. Rfd1 h4 13. Nge4 h3 14. g3 c6 15. Nxf6+ Qxf6 16. Ne4 Qf3 17. Bf1 Bf5 18. Ng5 Bxc2 19. Nxf3 Bxd1 20. Rxd1 e4 21. Ng5 c5 22. Nxh3 Ne6 23. Bg2 f5 24. f3 Bh6 25. Kf2 Ng5 26. Nxg5 Bxg5 27. f4 Bf6 28. dxc5 Bxb2 29. cxd6 Ba3 30. d7 Rf8 31. Bh3 Rad8 32. g4 Rf7 33. gxf5 gxf5 34. Rd5 Rdxd7 35. Ra5 Rd2+ 36. Ke1 Bb4 37. Rb5 0-1

[Event "4NCL Online Division 4"]
[Site "online"]
[Date "2022.03.08"]
[EventDate "2022.03.08"]
[Round "4.162"]
[White "Hanney, Matthew"]
[WhiteElo "1800"]
[WhiteTeam "Streatham B"]
[Black "Jukes, Ben"]
[BlackElo "1565"]
[BlackTeam "Wells Globetrotters 2"]
[Result "0-1"]
[PlyCount "126"]

1. e4 c5 2. d4 cxd4 3. c3 dxc3 4. Nxc3 d6 5. Nf3 Nc6 6. Bc4 Nf6 7. O-O e6 8. Qe2 Be7 9. Rd1 e5 10. Be3 Bg4 11. h3 Bh5 12. g4 Bg6 13. Bg5 a6 14. Rac1 h5 15. Bxf6 Bxf6 16. a3 hxg4 17. hxg4 Qd7 18. Nh2 Nd4 19. Qd3 Rxh2 20. Kxh2 Qxg4 21. Qg3 Nf3+ 22. Kg2 Nh4+ 23. Kf1 Qd7 24. Nd5 Bd8 25. f3 f5 26. exf5 Qxf5 27. Bd3 Qe6 28. Nc7+ Bxc7 29. Rxc7 Bxd3+ 30. Rxd3 Nf5 31. Qh2 Nh6 32. Qh5+ Kf8 33. Rdc3 b5 34. Rb7 Rc8 35. Rbc7 Rxc7 36. Rxc7 d5 37. Ra7 d4 38. Ra8+ Ke7 39. Qg5+ Qf6 40. Ra7+ Kf8 41. Qxf6+ gxf6 42. Rxa6 Ke7 43. Rb6 d3 44. Rxb5 Nf5 45. Rb3 Ne3+ 46. Kf2 d2 47. Rd3 d1=Q 48. Kxe3 Qc1+ 49. Rd2 Ke6 50. Kd3 Qf1+ 51. Ke3 f5 52. b4 Qe1+ 53. Kd3 f4 54. Kc3 Qa1+ 55. Kb3 Qb1+ 56. Kc3 Qc1+ 57. Rc2 Qxa3+ 58. Kc4 Qxf3 59. Rc3 Qe4+ 60. Kb3 f3 61. b5 Qd5+ 62. Kb4 Qd4+ 63. Rc4 f2 0-1

[Event "4NCL Online Division 4"]
[Site "online"]
[Date "2022.03.08"]
[EventDate "2022.03.08"]
[Round "4.163"]
[White "Hayes, Solomon"]
[WhiteElo "1509"]
[WhiteTeam "Wells Globetrotters 2"]
[Black "Chung, Michael"]
[BlackElo "1642"]
[BlackTeam "Streatham B"]
[Result "0-1"]
[PlyCount "64"]

1. e4 e5 2. Nf3 Nc6 3. Bb5 a6 4. Ba4 d6 5. O-O Be7 6. c3 Bf6 7. h3 Ne7 8. Re1 O-O 9. d4 b5 10. Bb3 Ng6 11. a4 Rb8 12. axb5 axb5 13. d5 Nce7 14. Qd3 Bd7 15. Bd2 Qc8 16. Ra5 Nf4 17. Bxf4 exf4 18. Bc2 Ng6 19. b4 Ne5 20. Nxe5 Bxe5 21. Na3 c6 22. Ra1 Ra8 23. Nb1 Qb7 24. Nd2 Rxa5 25. Rxa5 Ra8 26. Nb3 Ra7 27. dxc6 Bxc6 28. Nd4 Rxa5 29. bxa5 Bd7 30. Nb3 Qc7 31. Qd5 Qxc3 32. Bd3 Bc6 0-1

[Event "4NCL Online Division 4"]
[Site "online"]
[Date "2022.03.08"]
[EventDate "2022.03.08"]
[Round "4.164"]
[White "Spencer, Alex"]
[WhiteElo "1580"]
[WhiteTeam "Streatham B"]
[Black "Balch, Keith"]
[BlackElo "1414"]
[BlackTeam "Wells Globetrotters 2"]
[Result "1-0"]
[PlyCount "121"]

1. c4 g6 2. Nc3 Bg7 3. d4 Nf6 4. e4 d6 5. Nf3 O-O 6. Be2 c6 7. O-O e6 8. Bg5 Qd7 9. Qd2 d5 10. cxd5 exd5 11. e5 Ne4 12. Qf4 Nxc3 13. bxc3 Qf5 14. Rab1 b6 15. c4 Be6 16. cxd5 cxd5 17. Rfc1 Nd7 18. Qxf5 Bxf5 19. Rb3 f6 20. exf6 Bxf6 21. Bxf6 Nxf6 22. Rc7 Rfc8 23. Rbc3 Ne4 24. Rc1 a5 25. Ne5 Nd6 26. f3 b5 27. g4 Be6 28. R1c6 Rd8 29. Kf2 b4 30. Nd3 Bc8 31. Nc5 Nc4 32. Re7 Nb6 33. Rcc7 Bd7 34. Nxd7 Nxd7 35. Rexd7 Rxd7 36. Rxd7 a4 37. Rb7 b3 38. a3 Rc8 39. Bd1 Rc1 40. Bxb3 axb3 41. Rxb3 Rc2+ 42. Kg3 Rc4 43. Rd3 g5 44. h4 h6 45. hxg5 hxg5 46. f4 gxf4+ 47. Kxf4 Kg7 48. Ke5 Kg6 49. Kxd5 Ra4 50. Kc6 Kg5 51. d5 Kxg4 52. d6 Ra6+ 53. Kb7 Ra5 54. d7 Rb5+ 55. Kc6 Rb8 56. d8=Q Rxd8 57. Rxd8 Kf5 58. a4 Ke4 59. a5 Ke5 60. a6 Ke6 61. a7 1-0